000 00268nam a2200109Ia 4500
008 200302s9999 xx 000 0 und d
100 _aE. w. Shaw
245 _aHeating and Hot- Water Services 4th ed.,
260 _bGranada Publishing
260 _c1963
300 _a243 P.,
999 _c310
_d310